000 00550nam a22001697a 4500
005 20241031093522.0
008 241031b |||||||| |||| 00| 0 eng d
020 _a978-1-881052-89-0
050 _aHD 58.7 .S73 1996
100 _aSTACEY,RALPH D.
245 _aCOMPLEXITY AND CREATIVITY IN ORGANIZATIONS
260 _aSAN FRANCISCO
_bBERRET-KOEHLER PUBLISHERS
_c1996
300 _aXIII,312P.
500 _aINCLUDES BIBLIOGRAPHICAL REFERENCES AND INDEX
650 _aOrganizational behavior. Organizational change. Management.
942 _2lcc
_cBK
999 _c213604
_d213604